Vimarsanathile Rajasilpi/ (Record no. 142467)

000 -LEADER
fixed length control field 00408nam a22001457a 4500
082 ## - DEWEY DECIMAL CLASSIFICATION NUMBER
Classification number M09
Item number SAN/V
100 ## - MAIN ENTRY--PERSONAL NAME
Personal name Sanu M K
9 (RLIN) 173642
245 ## - TITLE STATEMENT
Title Vimarsanathile Rajasilpi/
Statement of responsibility, etc. by Sanu M K
260 ## - PUBLICATION, DISTRIBUTION, ETC.
Place of publication, distribution, etc. Kozhikode:
Name of publisher, distributor, etc. Marar Sahithya Prakasam,
Date of publication, distribution, etc. 2005.
300 ## - PHYSICAL DESCRIPTION
Extent 111p.
650 ## - SUBJECT ADDED ENTRY--TOPICAL TERM
Topical term or geographic name entry element Literature Malayalam Criticism
9 (RLIN) 173643
650 ## - SUBJECT ADDED ENTRY--TOPICAL TERM
Topical term or geographic name entry element Literature Malayalam
9 (RLIN) 173644
650 ## - SUBJECT ADDED ENTRY--TOPICAL TERM
Topical term or geographic name entry element Literature
9 (RLIN) 173645
942 ## - ADDED ENTRY ELEMENTS (KOHA)
Koha item type Book
Holdings
Withdrawn status Lost status Damaged status Not for loan Permanent Location Current Location Shelving location Date acquired Cost, normal purchase price Total Checkouts Full call number Barcode Date last seen Price effective from Koha item type
        Sree Sankaracharya University of Sanskrit Sree Sankaracharya University of Sanskrit Stacks 16.08.2019 55.00   M09 SAN/V 095891 16.08.2019 16.08.2019 Book